00773cam a22002171 450000100100000000500170001000800410002701000130006803500190008104000300010004200120013005000150014210000190015724501900017626000580036630000330042465000200045765000240047770000430050108200110054400001154620200929162503.0750828s1950 pr a 000 0 spa  a50013482 a(OCoLC)1578452 aDO-SdBNPcTxUdOCoLCdDLC apremarc00aSB611b.V41 aVelez, Ismael.10aPlantas indeseables en los cultivos tropicales; /cmanual ilustrado para el agricultor, basado en material de Puerto Rico. Texto por Ismael Velez, fotografias por Johannes van Overbeek. aRio Piedras, P.R., :bEditorial Universitaria,c1950. ax,497 p. :billus. ;c24 cm. 0aWeedszTropics. 0aWeedszPuerto Rico.1 aVan Overbeek, Johannes,d1908-eillus. a581.65